000 00896nam a2200277 i 4500
001 bg
245 0 0 _aSłownik łacińsko-polski.
_nT. 5,
_pS-Z /
_cpod red. Mariana Plezi ; [oprac. haseł Irmina Lechońska et al.].
250 _aWyd. 2 reprint, 1 dodr.
260 _aWarszawa :
_bWydawnictwo Naukowe PWN,
_c2007.
300 _aVIII, 673 s. ;
_c24 cm.
650 9 _aSłownik łacińsko-polski
700 1 _aPlezia, Marian
_d(1917-1996).
_eRed.
700 1 _aLechońska, Irmina
015 _aPB 14719/2007
020 _a9788301127695
020 _a9788301126001
040 _cBPK
041 0 _alat
_apol
044 _aPOL
080 _a811.124::811.162.1]'374
920 _a978-83-01-12769-5 (t. 5)
920 _a978-83-01-12600-1 (t. 1-5)
942 _cKS
008 070626s2007 pl d |000 0 pol
999 _c54437
_d54437